|
|
|
|
| LEADER |
02114nam a2200577 4500 |
| 001 |
ocn857141371 |
| 003 |
OCoLC |
| 005 |
20170124071021.1 |
| 006 |
m o d |
| 007 |
cr ||||||||||| |
| 008 |
130826s2014 enk ob 001 0 eng |
| 010 |
|
|
|a 2013034942
|
| 040 |
|
|
|a DLC
|b eng
|e rda
|e pn
|c DLC
|d YDX
|d N$T
|d E7B
|d DG1
|d CUS
|d YDXCP
|d RECBK
|d OCLCO
|d COO
|d OCLCQ
|d OCLCO
|d DG1
|d GrThAP
|
| 019 |
|
|
|a 855957782
|a 908035387
|
| 020 |
|
|
|a 9781118456606
|q (ePub)
|
| 020 |
|
|
|a 1118456602
|q (ePub)
|
| 020 |
|
|
|a 9781118456590
|q (Adobe PDF)
|
| 020 |
|
|
|a 1118456599
|q (Adobe PDF)
|
| 020 |
|
|
|a 9781118456613
|q (electronic bk.)
|
| 020 |
|
|
|a 1118456610
|q (electronic bk.)
|
| 020 |
|
|
|a 1118456572
|
| 020 |
|
|
|a 9781118456576
|
| 020 |
|
|
|z 9781118456576
|q (cloth)
|
| 029 |
1 |
|
|a CHNEW
|b 000643487
|
| 029 |
1 |
|
|a CHVBK
|b 311667198
|
| 029 |
1 |
|
|a NZ1
|b 15495670
|
| 029 |
1 |
|
|a DEBBG
|b BV041829098
|
| 035 |
|
|
|a (OCoLC)857141371
|z (OCoLC)855957782
|z (OCoLC)908035387
|
| 042 |
|
|
|a pcc
|
| 050 |
0 |
0 |
|a TH6127
|
| 072 |
|
7 |
|a HOM
|x 014000
|2 bisacsh
|
| 082 |
0 |
0 |
|a 696/.1
|2 23
|
| 049 |
|
|
|a MAIN
|
| 245 |
0 |
0 |
|a Water efficiency in buildings :
|b theory and practice /
|c edited by Kemi Adeyeye.
|
| 264 |
|
1 |
|a Chichester, West Sussex, United Kingdom :
|b Malden, MA :
|b Wiley-Blackwell,
|c 2014.
|
| 300 |
|
|
|a 1 online resource.
|
| 336 |
|
|
|a text
|b txt
|2 rdacontent
|
| 337 |
|
|
|a computer
|b c
|2 rdamedia
|
| 338 |
|
|
|a online resource
|b cr
|2 rdacarrier
|
| 504 |
|
|
|a Includes bibliographical references and index.
|
| 588 |
0 |
|
|a Print version record and CIP data provided by publisher.
|
| 650 |
|
0 |
|a Plumbing.
|
| 650 |
|
0 |
|a Water efficiency.
|
| 650 |
|
0 |
|a Sustainable buildings.
|
| 650 |
|
0 |
|a Water-supply
|x Cost control.
|
| 650 |
|
7 |
|a HOUSE & HOME
|x Do-It-Yourself
|x Plumbing.
|2 bisacsh
|
| 655 |
|
4 |
|a Electronic books.
|
| 700 |
1 |
|
|a Adeyeye, Kemi,
|d 1979-
|e editor.
|
| 776 |
0 |
8 |
|i Print version:
|t Water efficiency in buildings.
|d Chichester, West Sussex, United Kingdom : John Wiley & Sons Inc., 2014
|z 9781118456576
|w (DLC) 2013033902
|
| 856 |
4 |
0 |
|u https://doi.org/10.1002/9781118456613
|z Full Text via HEAL-Link
|
| 994 |
|
|
|a 92
|b DG1
|